000 00670nam a22001817a 4500
005 20231102131154.0
008 231102b |||||||| |||| 00| 0 eng d
020 _a0702107883 ; 0702107891
041 _aEnglish
082 _a346.6 HAH
100 _aHahlo, HR
_lEnglish
245 _aSouth African Company Law through the cases :
_bA collection of leading South African and English cases on company law, with explanatory notes and comments /
_cHR Hahlo
250 _aThird Edition
260 _aCape Town :
_bJuta and Company Ltd,
_c1977
300 _bxl, 747 pages ;
_c26 cm.
650 _aLegal practice
_bLaw
942 _cBK
_6ALISON_BN_VRIES
999 _c258
_d258